00353nam a2200121Ia 4500008004100000082002000041100001200061245001800073260002900091300001000120630001800130650008300148211109s9999||||xx |||||||||||||| ||und|| a894.8123bANA-A aAnand,  0aAbhayarthikal bDC BooksaKottayamc1984 a495p. xGeneral Stack aMalayalam LiteraturevMalayalam FictionxMalayalam NovelShort StoriesMalayalam